The financial marketplace
Guardat en:
| Autors principals: | , |
|---|---|
| Format: | Llibre |
| Idioma: | anglès |
| Publicat: |
Reading
Addison-Wesley
1982
|
| Matèries: | |
| Etiquetes: |
Afegir etiqueta
Sense etiquetes, Sigues el primer a etiquetar aquest registre!
|
MARC
| LEADER | 00000nam a2200000 a 4500 | ||
|---|---|---|---|
| 001 | UCT7546 | ||
| 003 | CL-VaPUC | ||
| 008 | 970123e19820000US |||||||||||||||||eng|d | ||
| 082 | 0 | 4 | |a 332.1 |b COO |2 21 |
| 100 | 0 | |a Cooper, S. Kerry |e author |9 378543 | |
| 700 | 0 | |a Fraser, Donald R |e author |9 378544 | |
| 245 | 1 | 4 | |a The financial marketplace |
| 300 | |a 484 p | ||
| 942 | |c BK | ||
| 945 | |d 19970123 00:00:00 |a nastorga | ||
| 260 | |a Reading |b Addison-Wesley |c 1982 | ||
| 650 | 0 | |a Finanzas |9 260832 | |
| 650 | 0 | |a Sistemas financieros |9 378545 | |
| 650 | 7 | |a INSTITUCIONES FINANCIERAS |2 CL-VaPUC |9 257940 | |
| 650 | 0 | |a Política económica |9 255029 | |
| 650 | 0 | |a Política fiscal |9 317354 | |
| 583 | |a last modification |c 20130419 10:04:05 |k Rodrigo Vera | ||
| 999 | |c 256135 |d 256133 | ||
| 952 | |0 0 |1 0 |4 0 |6 332_100000000000000_COO_1982 |7 0 |8 P |9 278708 |a BIBGIM |b BIBGIM |d 2019-11-19 |i 3277372 |o 332.1 COO 1982 |p 3277372 |r 2025-01-15 |w 2019-11-19 |y BK |k COM | ||